[Event "May 1800+"]
[Site "SchemingMind.com"]
[Date "2016.05.10"]
[Round "-"]
[White "Stephen Woodhouse"]
[Black "frankly"]
[Result "0-1"]
[WhiteCountry "ENG"]
[BlackCountry "ENG"]
[WhiteElo "1831"]
[WhiteRD "52"]
[BlackElo "2468"]
[BlackRD "55"]
[GameID "399101"]

1. e4 e5 2. Nf3 Nc6 3. d4 exd4 4. Nxd4 Nf6 5. Nc3 Bb4 6. Nxc6 bxc6 7. Bd3 d5 8. exd5 cxd5 9. O-O O-O 10. Bg5 c6
11. Qf3 Be7 12. Rae1 Re8 13. Bf5 Bxf5 14. Qxf5 h6 15. Bxf6 Bxf6 16. Rxe8+ Qxe8 17. Nd1 Qe2 18. Qd3 Qxd3 19. cxd3 Re8 20. f4 Bd4+
21. Kh1 Re2 22. g3 f5 23. Nc3 Rxb2 24. Rc1 Rd2
0-1

[Event "May 1800+"]
[Site "SchemingMind.com"]
[Date "2016.05.10"]
[Round "-"]
[White "frankly"]
[Black "Stephen Woodhouse"]
[Result "1-0"]
[WhiteCountry "ENG"]
[BlackCountry "ENG"]
[WhiteElo "2458"]
[WhiteRD "57"]
[BlackElo "1849"]
[BlackRD "52"]
[GameID "399102"]

1. e4 e6 2. d4 d5 3. Nc3 Nf6 4. Bg5 dxe4 5. Nxe4 Be7 6. Bxf6 Bxf6 7. Nf3 O-O 8. Qd2 b6 9. O-O-O Bb7 10. Qf4 Nd7
11. Bd3 Be7 12. h4 Nf6 13. Nxf6+ Bxf6 14. Ng5 h6 15. Nh7 Be7 16. Nxf8 Kxf8 17. Be4 Bxe4 18. Qxe4 Qd5 19. Qxd5 exd5 20. Rde1 Re8
21. c3 Bd6 22. Rxe8+ Kxe8 23. h5 Kd7 24. Kc2 Ke6 25. b4 Kf5 26. Re1 Kg5 27. Re8 Kxh5 28. a4 f5 29. Ra8 f4 30. Rxa7 f3
31. gxf3 Kg5 32. a5 bxa5 33. bxa5 h5 34. a6 h4 35. Rb7 h3 36. a7 h2 37. Rb1
1-0

[Event "May 1800+"]
[Site "SchemingMind.com"]
[Date "2016.05.31"]
[Round "-"]
[White "mikewharvey"]
[Black "Stephen Woodhouse"]
[Result "1/2-1/2"]
[WhiteCountry "GBR"]
[BlackCountry "ENG"]
[WhiteElo "1789"]
[WhiteRD "125"]
[BlackElo "1875"]
[BlackRD "53"]
[GameID "399845"]

1. c4 e6 2. Nc3 d5 3. d4 c5 4. Nf3 Nc6 5. e3 Nf6 6. cxd5 exd5 7. Be2 Bd6 8. Nb5 O-O 9. O-O cxd4 10. exd4 Bg4
11. Nxd6 Qxd6 12. b3 Rfe8 13. Bb5 Ne4 14. Bxc6 bxc6 15. Qd3 Re6 16. Ng5 Nxg5 17. Bxg5 Rae8 18. f3 Bh5 19. Bh4 Re2 20. Rf2 Qe6
21. Rxe2 Qxe2 22. Qxe2 Rxe2 23. Bf2 Kf8=
1/2-1/2

[Event "May 1800+"]
[Site "SchemingMind.com"]
[Date "2016.05.31"]
[Round "-"]
[White "Stephen Woodhouse"]
[Black "mikewharvey"]
[Result "1-0"]
[WhiteCountry "ENG"]
[BlackCountry "GBR"]
[WhiteElo "1860"]
[WhiteRD "54"]
[BlackElo "1742"]
[BlackRD "108"]
[GameID "399846"]

1. e4 Nf6 2. Nc3 e5 3. Nf3 Nc6 4. d4 Bb4 5. Nxe5 Qe7 6. Nxc6 dxc6 7. e5 Ne4 8. Qd3 Bf5 9. Qf3 Qe6 10. Bf4 O-O-O
11. Be2 g5 12. Bg3 g4 13. Qe3 Kb8 14. O-O Nxg3 15. fxg3 h5 16. a3 Ba5 17. Bd3 Bg6 18. Rf6 Qd7 19. Bxg6 fxg6 20. Ne2 Bb6
21. c3 c5 22. dxc5 Qd2 23. Qxd2 Rxd2 24. cxb6 Rxe2 25. bxa7+ Kxa7 26. e6 Re8 27. Rxg6 Rxb2 28. Re1 Kb8 29. Rg5 Ra2 30. Rxh5 Rxa3
31. Rc5 c6 32. Rc4 Kc7 33. Rxg4 Rxc3 34. Rg7+ Kc8 35. h4 Rd3 36. h5 Rd6 37. h6
1-0

[Event "May 1800+"]
[Site "SchemingMind.com"]
[Date "2016.06.01"]
[Round "-"]
[White "mikewharvey"]
[Black "frankly"]
[Result "0-1"]
[WhiteCountry "GBR"]
[BlackCountry "ENG"]
[WhiteElo "1789"]
[WhiteRD "125"]
[BlackElo "2466"]
[BlackRD "57"]
[GameID "399847"]

1. c4 Nf6 2. Nc3 c5 3. Nf3 d5 4. cxd5 Nxd5 5. g3 Nc6 6. Bg2 Nc7 7. O-O e5 8. d3 Be7 9. Qc2 O-O 10. a3 Be6
11. Re1 Nd4 12. Nxd4 cxd4 13. Ne4 Nd5 14. e3 Rc8 15. Qa4 f5 16. Nd2 dxe3 17. fxe3 Nxe3 18. Rxe3 Bc5
0-1

[Event "May 1800+"]
[Site "SchemingMind.com"]
[Date "2016.06.02"]
[Round "-"]
[White "frankly"]
[Black "mikewharvey"]
[Result "1-0"]
[WhiteCountry "ENG"]
[BlackCountry "GBR"]
[WhiteElo "2469"]
[WhiteRD "61"]
[BlackElo "1742"]
[BlackRD "108"]
[GameID "399848"]

1. e4 Nf6 2. e5 Nd5 3. d4 d6 4. Nf3 dxe5 5. Nxe5 c6 6. Be2 Bf5 7. O-O Nd7 8. Nf3 e6 9. c4 N5f6 10. Nh4 Be7
11. Nxf5 exf5 12. Qc2 O-O 13. Qxf5 Nb6 14. Be3 Re8 15. a3 Qd7 16. Qxd7 Nbxd7 17. Nc3 Bd6 18. Rad1 Bc7 19. g3 h6 20. Rfe1 Nb6
21. Bd3 Re7 22. Kg2 Rae8 23. Re2 Ng4 24. Bd2 Nd7 25. Rxe7 Rxe7 26. Be2 h5 27. Bf3 Ndf6 28. b4 Rd7 29. h3 Nh6 30. Bg5 Bd8
31. d5 cxd5 32. Bxf6 Bxf6 33. Nxd5
1-0

[Event "May 1800+"]
[Site "SchemingMind.com"]
[Date "2016.06.02"]
[Round "-"]
[White "mikewharvey"]
[Black "flyinduck"]
[Result "0-1"]
[WhiteCountry "GBR"]
[BlackCountry "CAN"]
[WhiteElo "1742"]
[WhiteRD "108"]
[BlackElo "2080"]
[BlackRD "57"]
[GameID "399861"]

1. c4 Nf6 2. Nf3 e6 3. Nc3 Bb4 4. d4 c5 5. g3 Bxc3+ 6. bxc3 Qa5 7. Bd2 b6 8. Bg2 Bb7 9. d5 Qa6 10. a4 O-O
11. Ne5 d6 12. Nf3 Qxc4 13. dxe6 Qxe6 14. O-O d5 15. Ng5 Qe7
0-1

[Event "May 1800+"]
[Site "SchemingMind.com"]
[Date "2016.06.02"]
[Round "-"]
[White "flyinduck"]
[Black "mikewharvey"]
[Result "1-0"]
[WhiteCountry "CAN"]
[BlackCountry "GBR"]
[WhiteElo "2080"]
[WhiteRD "57"]
[BlackElo "1742"]
[BlackRD "108"]
[GameID "399862"]

1. d4 Nf6 2. Nc3 d5 3. Bg5 Bf5 4. Bxf6 exf6 5. e3 Bb4 6. Bd3 Qd7 7. Ne2 O-O 8. O-O Nc6 9. Ng3 Bxd3 10. cxd3 Rfe8
11. Rc1 Rad8 12. Qb3 a6 13. a3 Bxc3 14. Rxc3
1-0

[Event "May 1800+"]
[Site "SchemingMind.com"]
[Date "2016.06.01"]
[Round "-"]
[White "Stephen Woodhouse"]
[Black "flyinduck"]
[Result "0-1"]
[WhiteCountry "ENG"]
[BlackCountry "CAN"]
[WhiteElo "1875"]
[WhiteRD "53"]
[BlackElo "2093"]
[BlackRD "56"]
[GameID "399863"]

1. e4 c5 2. c3 Nf6 3. e5 Nd5 4. d4 cxd4 5. Nf3 e6 6. cxd4 d6 7. Bc4 Nc6 8. O-O Be7 9. Qe2 O-O 10. Qe4 Bd7
11. Bd3 f5 12. exf6 Nxf6 13. Qe2 Rc8 14. Nc3 Nb4 15. Bb1 Nbd5 16. Nxd5 Nxd5 17. Qd3 g6 18. Bh6 Rf7 19. a3 Bf6 20. Ba2 Qb6
21. Rac1 Qxb2 22. Rxc8+ Bxc8 23. Bxd5 exd5 24. Re1 Bd7 25. Qe3 Re7 26. Qf4 Rxe1+ 27. Nxe1 Qe2 28. Qe3 Qd1 29. h3 Qxd4 30. Qb3 Bc6
31. Nf3 Qc3
0-1

[Event "May 1800+"]
[Site "SchemingMind.com"]
[Date "2016.06.03"]
[Round "-"]
[White "flyinduck"]
[Black "Stephen Woodhouse"]
[Result "1/2-1/2"]
[WhiteCountry "CAN"]
[BlackCountry "ENG"]
[WhiteElo "2093"]
[WhiteRD "56"]
[BlackElo "1875"]
[BlackRD "53"]
[GameID "399864"]

1. d4 e6 2. e4 d5 3. Nc3 dxe4 4. Nxe4 Nf6 5. Bg5 Be7 6. Bxf6 Bxf6 7. Nf3 O-O 8. Qd2 Nd7 9. O-O-O b6 10. Bd3 Bb7
11. Nxf6+ Nxf6 12. Rhe1 Bxf3 13. gxf3 Qe7 14. Rg1 g6 15. h4 Rad8 16. c3 c5 17. dxc5 Qxc5 18. Rg5 Qc6 19. Qf4 Nd5 20. Qc4 Qxc4
21. Bxc4 Ne7 22. Rdg1 h6 23. R5g4 Kh7 24. h5 Rg8 25. hxg6+ Rxg6 26. Kc2 Rxg4 27. fxg4 Ng6 28. g5 hxg5=
1/2-1/2

[Event "May 1800+"]
[Site "SchemingMind.com"]
[Date "2016.06.02"]
[Round "-"]
[White "frankly"]
[Black "flyinduck"]
[Result "1-0"]
[WhiteCountry "ENG"]
[BlackCountry "CAN"]
[WhiteElo "2466"]
[WhiteRD "57"]
[BlackElo "2093"]
[BlackRD "56"]
[GameID "399865"]

1. e4 c5 2. Nf3 Nc6 3. Bb5 d6 4. O-O Bd7 5. Re1 Nf6 6. h3 e6 7. c3 Ne5 8. Bxd7+ Qxd7 9. d4 cxd4 10. cxd4 Nxf3+
11. Qxf3 d5 12. e5 Ng8 13. Qe2 Ne7 14. Nd2 Nf5 15. Nf3 h5 16. Bg5 h4 17. Rec1 Be7 18. Bxe7 Kxe7 19. Qd2 f6 20. Qf4 Rac8
21. Rxc8 Rxc8 22. exf6+ gxf6 23. Re1 Rc2 24. Qxf5
1-0

[Event "May 1800+"]
[Site "SchemingMind.com"]
[Date "2016.06.02"]
[Round "-"]
[White "flyinduck"]
[Black "frankly"]
[Result "0-1"]
[WhiteCountry "CAN"]
[BlackCountry "ENG"]
[WhiteElo "2093"]
[WhiteRD "56"]
[BlackElo "2466"]
[BlackRD "57"]
[GameID "399866"]

1. d4 Nf6 2. Nc3 d5 3. Bg5 Nbd7 4. f3 c5 5. e4 dxe4 6. d5 exf3 7. Nxf3 g6 8. Qd2 Bg7 9. Bh6 O-O 10. Bxg7 Kxg7
11. O-O-O Nb6 12. Be2 e6 13. d6 Nbd5 14. Bc4 Qxd6 15. h4 Qf4 16. Bxd5 Qxd2+ 17. Rxd2 exd5 18. Nxd5 Ne4 19. Nc7 Nxd2 20. Nxa8 Nxf3
21. gxf3 Bd7
0-1

[Event "May 1800+"]
[Site "SchemingMind.com"]
[Date "2016.07.12"]
[Round "-"]
[White "mikewharvey"]
[Black "opageo"]
[Result "0-1"]
[WhiteCountry "GBR"]
[BlackCountry "SCO"]
[WhiteElo "1711"]
[WhiteRD "105"]
[BlackElo "2256"]
[BlackRD "99"]
[GameID "401215"]

1. c4 Nf6 2. Nc3 e5 3. Nf3 Nc6 4. g3 Bb4 5. Bg2 O-O 6. O-O e4 7. Ng5 Bxc3 8. bxc3 Re8 9. c5 Qe7 10. Qc2 h6
11. Nh3 Qxc5 12. Nf4 d5
0-1

[Event "May 1800+"]
[Site "SchemingMind.com"]
[Date "2016.07.12"]
[Round "-"]
[White "opageo"]
[Black "mikewharvey"]
[Result "1-0"]
[WhiteCountry "SCO"]
[BlackCountry "GBR"]
[WhiteElo "2256"]
[WhiteRD "99"]
[BlackElo "1711"]
[BlackRD "105"]
[GameID "401216"]

1. d4 g6 2. Bg5 Nf6 3. Nf3 Bg7 4. Nbd2 O-O 5. c3 d6 6. e4 c5 7. Bd3 Nc6 8. d5 Ne5 9. Nxe5 dxe5 10. Qf3 Nh5
11. O-O-O Nf6 12. h3 e6 13. Bc4
1-0

[Event "May 1800+"]
[Site "SchemingMind.com"]
[Date "2016.07.07"]
[Round "-"]
[White "opageo"]
[Black "Stephen Woodhouse"]
[Result "1-0"]
[WhiteCountry "SCO"]
[BlackCountry "ENG"]
[WhiteElo "2220"]
[WhiteRD "118"]
[BlackElo "1875"]
[BlackRD "53"]
[GameID "401217"]

1. d4 e6 2. Nf3 d5 3. Bf4 Bd6 4. Bg3 Nf6 5. e3 O-O 6. Nbd2 b6 7. c3 c5 8. Bd3 Ba6 9. Bb1 Nc6 10. e4 cxd4
11. e5 dxc3 12. bxc3
1-0

[Event "May 1800+"]
[Site "SchemingMind.com"]
[Date "2016.07.08"]
[Round "-"]
[White "Stephen Woodhouse"]
[Black "opageo"]
[Result "0-1"]
[WhiteCountry "ENG"]
[BlackCountry "SCO"]
[WhiteElo "1860"]
[WhiteRD "54"]
[BlackElo "2230"]
[BlackRD "105"]
[GameID "401218"]

1. e4 c6 2. d4 d5 3. exd5 cxd5 4. c4 Nf6 5. Nc3 e6 6. Nf3 Be7 7. cxd5 Nxd5 8. Bc4 Nc6 9. O-O O-O 10. Re1 a6
11. Bb3 Re8 12. a3 Nf6 13. Bg5 h6 14. Bh4 b5 15. Qd3 g5 16. Nxg5 hxg5 17. Bxg5 Qxd4 18. Qf3 Qg4 19. Qxc6 Bd7 20. Qc7 Qxg5
21. Re3 Rac8 22. Qb6 Bc5 23. Rg3 Qxg3 24. hxg3 Bxb6 25. Rd1 Red8 26. Ne2 Ne4
0-1

[Event "May 1800+"]
[Site "SchemingMind.com"]
[Date "2016.07.07"]
[Round "-"]
[White "opageo"]
[Black "frankly"]
[Result "0-1"]
[WhiteCountry "SCO"]
[BlackCountry "ENG"]
[WhiteElo "2230"]
[WhiteRD "105"]
[BlackElo "2469"]
[BlackRD "61"]
[GameID "401219"]

1. d4 Nf6 2. Bg5 Ne4 3. Bf4 c5 4. f3 Qa5+ 5. c3 Nf6 6. dxc5 Qxc5 7. e4 e5 8. Bg5 Be7 9. Qd2 d5 10. Bxf6 Bxf6
11. exd5 O-O 12. c4 e4 13. fxe4 Re8 14. Bd3 Bf5 15. Qe2 Na6 16. Nd2 b5 17. Rd1 bxc4 18. Nxc4 Nb4 19. Bb1 Bxe4 20. Bxe4 Bh4+
21. g3 f5 22. Bxf5 Rxe2+ 23. Nxe2 Qxc4 24. gxh4 Re8 25. Be6+ Kh8 26. Rg1 h5 27. Rg5 Qxh4+ 28. Rg3 Qe4
0-1

[Event "May 1800+"]
[Site "SchemingMind.com"]
[Date "2016.07.08"]
[Round "-"]
[White "frankly"]
[Black "opageo"]
[Result "1-0"]
[WhiteCountry "ENG"]
[BlackCountry "SCO"]
[WhiteElo "2475"]
[WhiteRD "61"]
[BlackElo "2256"]
[BlackRD "99"]
[GameID "401220"]

1. e4 c6 2. d4 d5 3. Nc3 dxe4 4. Nxe4 Nf6 5. Nxf6+ exf6 6. c3 Bd6 7. Bd3 O-O 8. Qc2 h6 9. Ne2 Re8 10. O-O Qc7
11. Ng3 Be6 12. c4 Na6 13. a3 Rad8 14. Be3 Bxg3 15. hxg3 Re7 16. Rfe1 Rde8 17. Bd2 Qd7 18. Rad1 Bg4 19. Rxe7 Rxe7 20. f3 Be6
21. Bc3 Nc7 22. g4 b5 23. b3 Re8 24. Kh1 bxc4 25. bxc4 Na8 26. Be1 Qc7 27. a4 Qd6 28. Bh7+ Kh8 29. Be4 c5 30. dxc5 Qxc5
31. Bf2 Qa5 32. c5 Kg8 33. Bh7+ Kh8 34. Bd3 Qc7 35. Be4 Qa5 36. Bg3 Kg8 37. c6 h5 38. c7 h4 39. Rd5
1-0

[Event "May 1800+"]
[Site "SchemingMind.com"]
[Date "2016.07.08"]
[Round "-"]
[White "opageo"]
[Black "flyinduck"]
[Result "1-0"]
[WhiteCountry "SCO"]
[BlackCountry "CAN"]
[WhiteElo "2256"]
[WhiteRD "99"]
[BlackElo "2052"]
[BlackRD "58"]
[GameID "401221"]

1. d4 Nf6 2. Bg5 c5 3. Bxf6 gxf6 4. dxc5 Qa5+ 5. Nd2 Nc6 6. Nf3 Qxc5 7. g3 d5 8. c3 e5 9. Nb3 Qd6 10. Bg2 Be6
11. Qc2 a5 12. e4 dxe4 13. Qxe4 a4 14. Rd1 Qc7 15. Nc1 f5 16. Qe3 Bg7 17. Ng5 O-O 18. Nxe6 fxe6 19. Nd3 a3 20. Nc5 axb2
21. Nxe6 Qf7 22. Bd5 Kh8 23. Nxf8 Qxf8 24. Qb6 Qa3 25. O-O
1-0

[Event "May 1800+"]
[Site "SchemingMind.com"]
[Date "2016.07.08"]
[Round "-"]
[White "flyinduck"]
[Black "opageo"]
[Result "0-1"]
[WhiteCountry "CAN"]
[BlackCountry "SCO"]
[WhiteElo "2052"]
[WhiteRD "58"]
[BlackElo "2256"]
[BlackRD "99"]
[GameID "401222"]

1. d4 g6 2. e4 Bg7 3. Nc3 d6 4. f4 Nf6 5. Nf3 O-O 6. Be3 Nbd7 7. Qd2 a6 8. O-O-O b5 9. e5 b4 10. Ne2 Nd5
11. Bf2 c6 12. Kb1 Rb8 13. Ka1 Qa5 14. Nc1 N7b6 15. Nb3 Qa4 16. Bd3 Bh6 17. g3 Bg4 18. Be2 Nc4 19. Qd3 Nxb2 20. Kxb2 Qa3+
0-1

[Event "May 1800+"]
[Site "SchemingMind.com"]
[Date "2016.07.13"]
[Round "-"]
[White "opageo"]
[Black "traxla"]
[Result "0-1"]
[WhiteCountry "SCO"]
[BlackCountry "USA"]
[WhiteElo "2230"]
[WhiteRD "105"]
[BlackElo "2196"]
[BlackRD "197"]
[GameID "401398"]

1. d4 Nf6 2. Bg5 h6 3. Bh4 c5 4. dxc5 e6 5. b4 a5 6. c3 axb4 7. cxb4 Nc6 8. Qd2 g5 9. Bg3 Ne4 10. Qb2 Rg8
11. Qc2 Qf6 12. Qxe4 Qxa1 13. e3 Rxa2
0-1

[Event "May 1800+"]
[Site "SchemingMind.com"]
[Date "2016.07.13"]
[Round "-"]
[White "traxla"]
[Black "opageo"]
[Result "1-0"]
[WhiteCountry "USA"]
[BlackCountry "SCO"]
[WhiteElo "2333"]
[WhiteRD "117"]
[BlackElo "2257"]
[BlackRD "97"]
[GameID "401399"]

1. e4 c6 2. d4 d5 3. e5 Bf5 4. Nf3 e6 5. Be2 c5 6. O-O Nc6 7. Bb5 Bg4 8. Nbd2 Qb6 9. Bxc6+ Qxc6 10. h3 Bh5
11. Qe2 cxd4 12. Nb3 Bxf3 13. Qxf3 Qxc2 14. Nxd4 Qc7 15. Qg3 a6 16. Be3 Ne7 17. Rac1 Nc6 18. Nxc6 bxc6 19. Rc3 Rc8 20. Rfc1 Qb7
21. Rb3 Qd7 22. Bc5 Bxc5 23. Qxg7 Bxf2+ 24. Kxf2 Rf8 25. Qxh7 c5 26. Qh4 c4 27. Rf3 Qa4 28. Qd4 Rb8 29. Ra3 Qb4 30. Rc2 f6
31. exf6 Qb6 32. Qxb6 Rxf6+ 33. Rf3 Rxf3+ 34. Kxf3 Rxb6 35. g4 Ke7 36. h4 e5 37. g5 Ke6 38. h5 Kf5 39. g6 Rb7 40. Rg2 Rg7
41. b3 c3 42. Ke3 d4+ 43. Kd3 Kf6 44. Rf2+ Kg5 45. Rf7 Rg8 46. g7 Kh6 47. Rf6+ Kxg7 48. Rg6+ Kh7 49. Rxg8 Kxg8 50. b4 e4+
51. Kc2 e3 52. Kd3
1-0

[Event "May 1800+"]
[Site "SchemingMind.com"]
[Date "2016.07.12"]
[Round "-"]
[White "traxla"]
[Black "Stephen Woodhouse"]
[Result "1/2-1/2"]
[WhiteCountry "USA"]
[BlackCountry "ENG"]
[WhiteElo "2050"]
[WhiteRD "221"]
[BlackElo "1875"]
[BlackRD "53"]
[GameID "401400"]

1. e4 e6 2. d4 d5 3. Nc3 Nf6 4. e5 Nfd7 5. Nf3 c5 6. dxc5 Bxc5 7. Bd3 Nc6 8. O-O Ndxe5 9. Nxe5 Nxe5 10. Be3 Bxe3
11. fxe3 Nxd3 12. Qxd3 O-O 13. Qd4 Bd7 14. Rad1 b6 15. e4 Bc6 16. exd5 Bxd5 17. Nxd5 Qxd5 18. Qxd5 exd5 19. Rxd5 Rac8 20. c3 f6
21. Rfd1 Rf7 22. a4 Re7 23. a5 bxa5 24. Rxa5 Rb8 25. b4 Rc8 26. Rd3 Rec7=
1/2-1/2

[Event "May 1800+"]
[Site "SchemingMind.com"]
[Date "2016.07.12"]
[Round "-"]
[White "Stephen Woodhouse"]
[Black "traxla"]
[Result "0-1"]
[WhiteCountry "ENG"]
[BlackCountry "USA"]
[WhiteElo "1875"]
[WhiteRD "53"]
[BlackElo "2050"]
[BlackRD "221"]
[GameID "401401"]

1. e4 e5 2. Nf3 d5 3. exd5 e4 4. Qe2 Nf6 5. Nc3 Be7 6. Nxe4 O-O 7. d3 Qxd5 8. Nc3 Bb4 9. Be3 Nc6 10. g3 Qa5
11. Qd2 Nd5 12. Bd4 Nxd4 13. Nxd4 Re8+ 14. Be2 Nxc3
0-1

[Event "May 1800+"]
[Site "SchemingMind.com"]
[Date "2016.07.12"]
[Round "-"]
[White "traxla"]
[Black "frankly"]
[Result "0-1"]
[WhiteCountry "USA"]
[BlackCountry "ENG"]
[WhiteElo "2333"]
[WhiteRD "117"]
[BlackElo "2473"]
[BlackRD "59"]
[GameID "401402"]

1. e4 e5 2. Nf3 Nc6 3. Bb5 a6 4. Ba4 Nf6 5. O-O Be7 6. Re1 b5 7. Bb3 d6 8. Nc3 Bg4 9. h3 Bxf3 10. Qxf3 Nd4
11. Qg3 O-O 12. d3 a5 13. Ne2 a4 14. Nxd4 exd4 15. Bd5 c6 16. Bxc6 Rc8 17. Bb7 Rc7 18. e5 dxe5 19. Bf3 Rxc2 20. Qxe5 Bb4
21. Re2 Rxe2 22. Bxe2 Re8 23. Qxb5 Bd6 24. Bf1 Re1 25. Qc6 Qe7 26. Qc2 Qe5 27. f4 Qe6 28. Qf2 Bb4 29. b3 a3 30. f5 Qe8
31. Bxa3 Rxa1 32. Bxb4 Qe3 33. Bc5 Rxf1+ 34. Kxf1 Qc1+ 35. Qe1 Qxc5 36. g4 h6 37. Qe2 Qc1+ 38. Kf2 Qf4+ 39. Qf3 Qc7 40. b4 Qc2+
41. Kg3 Qxa2 42. h4 h5 43. gxh5 Qb3 44. Kh3 Qxb4 45. h6 gxh6 46. Qg3+ Kh7 47. Qe5 Qb6 48. Qe7 Kg7 49. Qe5 Qc6 50. Qxd4 Qf3+
51. Kh2 h5 52. Qe5 Qxd3 53. Kg1 Qe4 54. Qg3+ Qg4 55. Kh1 Ne4 56. Qh2 Kh6 57. f6 Qd1+ 58. Qg1 Qxg1+ 59. Kxg1 Nxf6 60. Kg2 Nd5
61. Kf3 Kg6 62. Ke4 f5+ 63. Kxd5 Kf6 64. Kd4 Ke6 65. Ke3 Ke5 66. Kf3 f4 67. Kf2 Ke4 68. Ke2 f3+ 69. Kf2 Kf4 70. Ke1 Kg3
71. Kf1 f2
0-1

[Event "May 1800+"]
[Site "SchemingMind.com"]
[Date "2016.07.12"]
[Round "-"]
[White "frankly"]
[Black "traxla"]
[Result "1-0"]
[WhiteCountry "ENG"]
[BlackCountry "USA"]
[WhiteElo "2473"]
[WhiteRD "59"]
[BlackElo "2333"]
[BlackRD "117"]
[GameID "401403"]

1. d4 Nf6 2. Bg5 e6 3. e4 h6 4. Bxf6 Qxf6 5. Nc3 Bb4 6. Qd2 O-O 7. f4 c5 8. e5 Qe7 9. a3 Bxc3 10. Qxc3 cxd4
11. Qxd4 Nc6 12. Qe4 f5 13. Qe3 b6 14. O-O-O Bb7 15. Nf3 Rac8 16. Nd2 Nb8 17. Kb1 Qc5 18. Qxc5 Rxc5 19. Rg1 g5 20. g3 Rfc8
21. Bd3 g4 22. b3 Bd5 23. Kb2 Kg7 24. Nc4 Bxc4 25. Bxc4 b5 26. Bd3 a6 27. Rh1 h5 28. h3 Rd5 29. Rh2 Nc6 30. hxg4 hxg4
31. Rdh1 Rf8 32. a4 Rb8 33. b4 Kg8 34. Kc3 Rb7 35. Rh5 Kf7 36. Rg5 Ne7 37. Rh7+ Kf8 38. axb5 axb5 39. Rgg7 Nc6 40. Rg6 Rb8
41. Bf1 Rb7 42. Kb2 Rc7 43. Bd3 Ra7 44. Rh8+ Kf7 45. Rhg8 Nxe5 46. R8g7+ Ke8 47. fxe5 Rxe5 48. Rh6 Kd8 49. Rh8+ Kc7 50. Rxd7+ Kxd7
51. Rh7+ Kd6 52. Rxa7 Re3 53. Bxb5 Rxg3 54. Rd7+ Ke5 55. Bc6 f4 56. b5 Rh3 57. Rd8 g3 58. b6 Rh7 59. Bd7 g2 60. b7 g1=Q
61. b8=Q+ Kf6 62. Rf8+
1-0

[Event "May 1800+"]
[Site "SchemingMind.com"]
[Date "2016.07.13"]
[Round "-"]
[White "traxla"]
[Black "flyinduck"]
[Result "0-1"]
[WhiteCountry "USA"]
[BlackCountry "CAN"]
[WhiteElo "2271"]
[WhiteRD "113"]
[BlackElo "2033"]
[BlackRD "56"]
[GameID "401404"]

1. e4 c5 2. Nf3 Nc6 3. Nc3 e5 4. Bc4 Be7 5. O-O Nf6 6. h3 O-O 7. d3 d6 8. Bd2 a6 9. a4 h6 10. Nd5 Nxd5
11. Bxd5 Be6 12. Bxe6 fxe6 13. Qe2 Qe8 14. Ra3 Qh5 15. Rb3 Rab8 16. c3 Rf7 17. Re1 Rbf8 18. Rxb7 Rxf3 19. Kh2 g5 20. gxf3 Rxf3
21. Qf1 g4 22. Qg2 Rxh3+ 23. Kg1 Bh4 24. Be3 Ne7 25. Rb8+ Kh7 26. Rb7 Kg8 27. Ra7 Ng6 28. Rxa6 Be7 29. Kf1 Nh4 30. Qg3 Rxg3
31. fxg3 Nf3 32. Ra8+ Kf7 33. Rd1 Qh3+ 34. Ke2 Qxg3 35. Rf1 Bh4 36. Ra7+ Kg6 37. a5 Qg2+ 38. Bf2 Nh2 39. Kd1 Qxf1+ 40. Kc2 Qxf2+
41. Kb1 c4 42. Ra6 cxd3 43. Rxd6 Qc2+
0-1

[Event "May 1800+"]
[Site "SchemingMind.com"]
[Date "2016.07.13"]
[Round "-"]
[White "flyinduck"]
[Black "traxla"]
[Result "0-1"]
[WhiteCountry "CAN"]
[BlackCountry "USA"]
[WhiteElo "2053"]
[WhiteRD "55"]
[BlackElo "2333"]
[BlackRD "117"]
[GameID "401405"]

1. d4 d5 2. Bg5 Nc6 3. e3 f6 4. Bh4 Nh6 5. c4 Nf5 6. Bg3 e5 7. cxd5 Nxg3 8. hxg3 Bb4+ 9. Nc3 Qxd5 10. dxe5 Qxe5
11. Rc1 Be6 12. Nf3 Qd5 13. Qxd5 Bxd5 14. Bd3 Bxa2 15. Ke2 Bf7 16. Bxh7 O-O-O 17. Bf5+ Kb8 18. Rxh8 Rxh8 19. Be4 Bc4+ 20. Bd3 Be6
21. Ne4 Bg4 22. Rc4 a5
0-1

[Event "May 1800+"]
[Site "SchemingMind.com"]
[Date "2016.07.19"]
[Round "-"]
[White "opageo"]
[Black "JAHI"]
[Result "1-0"]
[WhiteCountry "SCO"]
[BlackCountry "INT"]
[WhiteElo "2257"]
[WhiteRD "97"]
[BlackElo "1998"]
[BlackRD "58"]
[GameID "401581"]

1. d4 g6 2. Nf3 Bg7 3. Bf4 c6 4. Nbd2 a6 5. c3 a5 6. Qc2 b6 7. e4 Na6 8. Ne5 Nc7 9. Bc4 e6 10. Be2 b5
11. a4 f6 12. Nef3 Ne7 13. Bxc7 Qxc7 14. axb5 Bb7 15. bxc6 Bxc6 16. b3 f5 17. e5 d6 18. exd6 Qxd6 19. O-O Bf6 20. Nc4 Qc7
21. Nfe5
1-0

[Event "May 1800+"]
[Site "SchemingMind.com"]
[Date "2016.07.17"]
[Round "-"]
[White "JAHI"]
[Black "opageo"]
[Result "0-1"]
[WhiteCountry "INT"]
[BlackCountry "SCO"]
[WhiteElo "1998"]
[WhiteRD "58"]
[BlackElo "2257"]
[BlackRD "97"]
[GameID "401582"]

1. g3 d5 2. Bg2 Nf6 3. c3 e5 4. a3 Bd6 5. a4 c6 6. b3 O-O 7. Na3 Re8 8. h3 Nbd7 9. h4 Nc5 10. b4 Nce4
11. Nh3 a5 12. b5 Bc5 13. e3 Bf5 14. Ng5 Rc8 15. Nxe4 Bxe4 16. Bxe4 Nxe4 17. Qe2 Bb6 18. Bb2 Nc5 19. Nc2 e4 20. Kf1 Nd3
21. Ba3 Qd7
0-1

[Event "May 1800+"]
[Site "SchemingMind.com"]
[Date "2016.07.17"]
[Round "-"]
[White "traxla"]
[Black "JAHI"]
[Result "1-0"]
[WhiteCountry "USA"]
[BlackCountry "INT"]
[WhiteElo "2333"]
[WhiteRD "117"]
[BlackElo "1998"]
[BlackRD "58"]
[GameID "401583"]

1. e4 g6 2. d4 Bg7 3. Nc3 c6 4. Nf3 a6 5. Bd3 a5 6. e5 b6 7. O-O Na6 8. Bf4 f6 9. d5 f5 10. Nd4 e6
11. dxe6 Ne7 12. exd7+ Qxd7 13. Ncb5 Kf8 14. Nd6
1-0

[Event "May 1800+"]
[Site "SchemingMind.com"]
[Date "2016.07.17"]
[Round "-"]
[White "JAHI"]
[Black "traxla"]
[Result "0-1"]
[WhiteCountry "INT"]
[BlackCountry "USA"]
[WhiteElo "1998"]
[WhiteRD "58"]
[BlackElo "2333"]
[BlackRD "117"]
[GameID "401584"]

1. g3 e5 2. Bg2 d5 3. c3 Nf6 4. a3 Bd6 5. a4 O-O 6. b3 e4 7. Na3 Bg4 8. f3 Bd7 9. f4 c6 10. b4 a5
11. b5 cxb5 12. axb5 Qb6 13. e3 Bg4
0-1

[Event "May 1800+"]
[Site "SchemingMind.com"]
[Date "2016.07.19"]
[Round "-"]
[White "Stephen Woodhouse"]
[Black "JAHI"]
[Result "1-0"]
[WhiteCountry "ENG"]
[BlackCountry "INT"]
[WhiteElo "1891"]
[WhiteRD "56"]
[BlackElo "1998"]
[BlackRD "58"]
[GameID "401585"]

1. e4 g6 2. d4 Bg7 3. Nc3 c6 4. f4 a6 5. Nf3 a5 6. Be3 b6 7. Bd3 Na6 8. a3 h6 9. O-O h5 10. f5 f6
11. fxg6 d6 12. Qe2 Nc7 13. Rae1 h4 14. d5 c5 15. Bf2 h3 16. Nh4 hxg2 17. Kxg2 Nh6 18. Nf5 Nxf5 19. exf5 a4 20. Bg3 Qd7
21. Nb5 Kd8 22. Nxc7 Qxc7 23. Bb5 Ra5 24. Rf4 Bb7 25. c4 Rxb5 26. cxb5 Bxd5+ 27. Kg1 Qa7 28. Rh4 Rxh4 29. Bxh4 Ba8 30. Qe6
1-0